1071 1927 1087 1784 1722 1596 1617 1844 1806 1380 1837 1114 1058 1991 1002 1741 1217 1808 1290 1947 1981 1995 1729 1090 1624 1220 1396 1942 1840 1324 1319 1918 1732 1842 1316 1033 1330 1895 1865 1594 1455 1950 1150 1306 1824 1833 1695 1681 1475 1448 1311 1087 1510 1701 1966 1864 1110 1272 1706 1250 1209 1673 1834 1331 1876 1098 1261 1828 1166 1145 1824 1553 1824 1194 1405 1058 1528 1518 1083 1670 1629 1144 1955 1661 1501 1253 1816 1259 1633 1168 1900 1651 1957 1790 1017 1999 1228 1536 1116 BCNSPRNW ULIB Ver.6.0+V

เปลี่ยนเป็นภาษาไทย

Change to English
 แสดงรายละเอียดบรรณานุกรม
  กลับหน้าหลัก

Brief Record : Get Marc (ISO 2709) : E-mail record : QR code < ปิดหน้าต่าง
LEADER : 00000nam 2200000uu 4500
001    13399128784
003     ULIB
008    240913s2559||||th 000 0 tha d
020    ^a9786167741253
060 04 ^aWP458^bศ486ม
100 0  ^aศิริวรรณ ตั้งจิตกมล
245 10 ^aมะเร็งเยื่อบุโพรงมดลูก =^bEndometrial cancer /^cศิริวรรณ ตั้งจิตกมล
246 31 ^aEndometrial cancer
250    ^aพิมพ์ครั้งที่ 1
260    ^aกรุงเทพฯ :^bภาควิชาสูติศาสตร์-นรีเวชวิทยา คณะแพทยศาสตร์วชิรพยาบาลมหาวิทยาลัยนวมินทราธิราช,^c2559
300    ^axii, 300 หน้า :^bภาพประกอบสี ;^c27 ซม.
650  2 ^aUterine Neoplasms
650  4 ^aเยื่อบุมดลูก, เนื้องอก
710 2  ^aมหาวิทยาลัยนวมินทราธิราช.^bคณะแพทยศาสตร์วชิรพยาบาล.^bภาควิชาสูติศาสตร์-นรีเวชวิทยา
945    ^p480^l0^i010772
945    ^p480^l0^i010773
945    ^p480^l0^i010774
999    ^aประนอม เกษจรัล
รายการนี้ยังไม่มีแท็ก
คุณยังไม่ได้ล็อกอิน คุณสามารถมีกิจกรรมร่วมกับเว็บไซต์ได้ แต่ต้องล็อกอินก่อน ::
  ล็อกอิน

รายการสื่อสารสนเทศ

ลำดับที่ ประเภท เลขเรียก/บาร์โค้ด สถานที่ สถานะ
1. วิทยาศาสตร์การแพทย์ และสุขภาพ
วิทยาศาสตร์การแพทย์ และสุขภาพ
สถานะ=หนังสือเก่า
WP458 ศ486ม ฉ.1 
  Barcode: 010772
ห้องสมุดวิทยาเขตสวรรค์ประชารักษ์
►ส่วนจัดเก็บหนังสือเก่า สปร
บนชั้น
  ขอยืม
2. วิทยาศาสตร์การแพทย์ และสุขภาพ
วิทยาศาสตร์การแพทย์ และสุขภาพ
สถานะ=หนังสือเก่า
WP458 ศ486ม ฉ.2 
  Barcode: 010773
ห้องสมุดวิทยาเขตสวรรค์ประชารักษ์
►ส่วนจัดเก็บหนังสือเก่า สปร
บนชั้น
  ขอยืม
3. วิทยาศาสตร์การแพทย์ และสุขภาพ
วิทยาศาสตร์การแพทย์ และสุขภาพ
สถานะ=หนังสือเก่า
WP458 ศ486ม ฉ.3 
  Barcode: 010774
ห้องสมุดวิทยาเขตสวรรค์ประชารักษ์
►ส่วนจัดเก็บหนังสือเก่า สปร
บนชั้น
  ขอยืม

รายการใกล้เคียง
    ผู้แต่ง [ศิริวรรณ ตั้งจิตกมล]

    หัวเรื่อง [Uterine Neoplasms]
    หัวเรื่อง [เยื่อบุมดลูก, เนื้องอก]

BibComment


ยังไม่เคยถูกคอมเมนท์

คอมเมนท์ทรัพยากรรายการนี้
  คอมเมนท์: มะเร็งเยื่อบุโพร..


 Copyright 2026. Bcnsprnw @Library